Normal view
MARC view
- Carranza Valles, Alex
Entry Personal Name
001 - CONTROL NUMBER
- control field: 88438
003 - CONTROL NUMBER IDENTIFIER
- control field: NUST
005 - DATE AND TIME OF LATEST TRANSACTION
- control field: 20220117151254.0
008 - FIXED-LENGTH DATA ELEMENTS
- fixed length control field: 220117|| aca||aabn | a|a d
040 ## - CATALOGING SOURCE
- Original cataloging agency: NUST
- Transcribing agency: NUST
100 ## - HEADING--PERSONAL NAME
- Personal name: Carranza Valles, Alex
670 ## - SOURCE DATA FOUND
- Source citation: Work cat.: (NUST): Carranza Valles, Alex, Casas 20 Houses: , 2008.
